Statistics for Christmas Song Lyrics

Click here to take the quiz!

General Stats

  • This quiz has been taken 36,427 times
    (13,501 since last reset)
  • The average score is 12 of 19

Answer Stats

LyricSong% Correct
Dashing through the snow, on a one horse open sleighJingle Bells
97%
You better watch out / You better not crySanta Claus is Coming to Town
89%
You know Dasher, and Dancer, and Prancer and VixenRudolph the Red-Nosed Reindeer
82%
Round yon Virgin Mother and ChildSilent Night
81%
Oh the weather outside is frightfulLet it Snow
79%
Sleigh bells ring / are you listeningWinter Wonderland
77%
Tis the season to be jolly / Fa-la-la-la-la, la-la-la-laDeck the Halls
69%
Glad tidings we bring / to you and your kinWe Wish You A Merry Christmas
68%
Sign your 'X' on the line, Santa cutie / and hurry down the chimney tonightSanta Baby
67%
Prospero año y FelicidadFeliz Navidad
62%
Where the treetops glisten / And children listenWhite Christmas
61%
The little lord Jesus laid down his sweet headAway in a Manger
59%
There must have been some magic / in that old silk hat they foundFrosty the Snowman
56%
O come, let us adore HimO Come, All Ye Faithful
53%
Just hear those sleigh bells jingle-ing / ring ting tingle-ing tooSleigh Ride
51%
And heaven and nature singJoy to the World
45%
City sidewalks, busy sidewalks / Dressed in holiday styleSilver Bells
35%
Chestnuts roasting on an open fireThe Christmas Song
32%
Faithful friends who are dear to us / gather near to us once moreHave Yourself A Merry
Little Christmas
28%

Score Distribution

Percentile by Number Answered

Percent of People with Each Score

Your Score History

You have not taken this quiz since the last reset